| 000 | 01224cam a2200313 a 4500 | ||
|---|---|---|---|
| 003 | CHAP | ||
| 005 | 20220329142519.0 | ||
| 008 | 010822d2001 mx 00 spa d | ||
| 010 | _a84507 | ||
| 011 | _a85479 | ||
| 035 | _a96012 | ||
| 040 | _cCHAP | ||
| 100 | 0 | 0 |
_aHernández Ugalde, Roberto. _954684 |
| 245 | 0 | 0 |
_aSistema de acción colectiva : _bdesencuentro de dos mundos el caso de la ampliación de la reserva de la biósfera Selva el Ocote _c/por Roberto Hernández Ugalde |
| 260 |
_aSan Cristóbal de Las Casas, Chiapas : _bEl autor, _c2001 |
||
| 300 | _a125 h. | ||
| 500 | _aTesis (M.C. en Desarrollo Rural Regional) -- UACH. Dirección de Centros Regionales Universitarios | ||
| 590 |
_aBATCH-UPD _b10 _c20130110 _lUCH01 _h0341 |
||
| 590 |
_aBATCH-UPD _b10 _c20130410 _lUCH01 _h0014 |
||
| 590 |
_aBATCH-UPD _b10 _c20130914 _lUCH01 _h1611 |
||
| 590 |
_aCONVERSION _b10 _c20130109 _lUCH01 _h1347 |
||
| 650 | 1 | 4 |
_aÁreas protegidas _xChiapas. _96868 |
| 650 | 1 | 4 |
_aReserva de la biósfera Selva el Ocote, Chiapas. _996097 |
| 901 | _aBK | ||
| 905 | _aLilia Sánchez G. | ||
| 942 | _cFOLL | ||
| 949 |
_aTesis _bBC _cTES _d33724000852265 _eTS2 _fc.2 _h38414 _i96012 _si |
||
| 949 |
_aTesis _bBC _cTES _d960121 _eTS1 _h38413 _i96012 _sb |
||
| 999 |
_c84507 _d84507 |
||